Statystyki dla Województwa w Polsce

Kliknij tutaj aby rozwiązać quiz!

Ogólne statystyki

  • Ten quiz został rozwiązany 11 851 razy
  • Średni wynik to 14 z 16

Statystyki odpowiedzi

HintOdpowiedź% Poprawnych
WarszawaMazowieckie
95%
GdańskPomorskie
95%
KrakówMałopolskie
93%
KatowiceŚląskie
93%
PoznańWielkopolskie
93%
ŁódźŁódzkie
91%
LublinLubelskie
91%
WrocławDolnośląskie
90%
OpoleOpolskie
90%
SzczecinZachodniopomorskie
88%
Gorzów Wielkopolski/Zielona GóraLubuskie
87%
BiałystokPodlaskie
85%
OlsztynWarmińsko-mazurskie
82%
Bydgoszcz/ToruńKujawsko-pomorskie
81%
RzeszówPodkarpackie
80%
KielceŚwiętokrzyskie
80%

Rozkład punktacji

Percentyl według liczby udzielonych odpowiedzi

Procent ludzi z każdym wynikiem

Twoja historia wyników

Nie rozwiązałeś tego quizu